[Event "Mittelfrank Regionalliga Nord-Ost 2122"]
[Site "Mittelfranken"]
[Date "2022.03.20"]
[Round "4.8"]
[White "Oppel, Manfred"]
[Black "Funk, Benno"]
[Result "1/2-1/2"]
[WhiteElo "1695"]
[BlackElo "1755"]
[PlyCount "164"]
[EventDate "2021.10.24"]
[EventType "team-tourn"]
[EventRounds "9"]
[EventCountry "GER"]
[SourceTitle "EXT 2024"]
[Source "ChessBase"]
[SourceDate "2023.10.10"]
[SourceVersion "1"]
[SourceVersionDate "2023.10.10"]
[SourceQuality "1"]
[WhiteTeam "Windischeschenbach"]
[BlackTeam "Fuerth SG"]
[WhiteTeamCountry "GER"]
[BlackTeamCountry "GER"]

1. c4 e5 2. Nc3 Nf6 3. g3 Bc5 4. Bg2 0-0 5. d3 h6 6. Nf3 d6 7. 0-0 Nc6 8. Na4 Bb6 9. a3 Bd7 10. Nxb6 axb6 11. Bd2 Qe7 12. e4 Nd8 13. a4 Ne6 14. b3 Ra7 15. Nh4 Nc5 16. Be3 Rfa8 17. Bxc5 bxc5 18. Rb1 c6 19. Nf5 Bxf5 20. exf5 Qd7 21. g4 Re8 22. f4 exf4 23. Rxf4 b5 24. axb5 cxb5 25. Rb2 b4 26. h4 Qe7 27. Be4 Nxe4 28. Rxe4 Qd8 29. Rxe8+ Qxe8 30. Re2 Qa8 31. Kf2 Kf8 32. g5 Ra1 33. Qd2 Qh1 34. Kg3 Qg1+ 35. Rg2 Qe1+ 36. Qxe1 Rxe1 37. Kf4 Rb1 38. Ke4 Rxb3 39. Ra2 Ra3 40. Rb2 Ke7 41. d4 hxg5 42. hxg5 Rg3 43. dxc5 dxc5 44. Kd5 Rxg5 45. Kxc5 Rxf5+ 46. Kxb4 Kd6 47. Ra2 g5 48. Kc3 g4 49. Ra6+ Kc7 50. Kd4 g3 51. Ra3 Rg5 52. Ra1 Rg4+ 53. Kd5 Rf4 54. Rg1 Rg4 55. Rg2 f5 56. Ke5 f4 57. Ke4 Kc6 58. Kf3 Rh4 59. Rc2 Kc5 60. Rc1 Kd6 61. c5+ Kc6 62. Rc2 Rh2 63. Rxh2 gxh2 64. Kg2 h1Q+ 65. Kxh1 Kxc5 66. Kg2 Kd4 67. Kf3 Ke5 68. Kf2 Ke4 69. Ke2 f3+ 70. Kf2 Kf4 71. Kf1 Ke3 72. Ke1 Kf4 73. Kf2 Ke4 74. Kf1 Kf5 75. Kf2 Kg4 76. Kf1 Kh3 77. Kf2 Kg4 78. Kf1 Kf4 79. Kf2 Ke4 80. Kf1 Ke3 81. Ke1 f2+ 82. Kf1 Kf3 1/2-1/2

[Event "GER-chT U12"]
[Site "Magdeburg"]
[Date "2018.12.27"]
[Round "2.4"]
[White "Funk, Benno"]
[Black "Lerchl, Justus"]
[Result "0-1"]
[WhiteElo "1145"]
[BlackElo "1500"]
[PlyCount "110"]
[EventDate "2018.12.27"]
[EventType "team-swiss"]
[EventRounds "7"]
[EventCountry "GER"]
[SourceTitle "CBM 188 Extra"]
[Source "ChessBase"]
[SourceDate "2019.02.26"]
[SourceVersion "1"]
[SourceVersionDate "2019.02.26"]
[SourceQuality "1"]
[WhiteTeam "Fuerth"]
[BlackTeam "Vaterstetten"]
[WhiteTeamCountry "GER"]
[BlackTeamCountry "GER"]

1. c4 c5 2. Nc3 Nc6 3. g3 g6 4. Bg2 Bg7 5. Nf3 Nf6 6. d3 d6 7. 0-0 0-0 8. Bg5 a6 9. a3 b5 10. cxb5 axb5 11. Nxb5 Rb8 12. a4 Ba6 13. Nd2 Bxb5 14. axb5 Nd4 15. e3 Nxb5 16. Qe2 Nc7 17. Nf3 Qd7 18. Rab1 Rb4 19. Rfd1 Rfb8 20. d4 Nfd5 21. dxc5 Nc3 22. bxc3 Rxb1 23. Bf1 Rxd1 24. Qxd1 Ne6 25. Bf4 Nxf4 26. exf4 Bxc3 27. Ne5 Bxe5 28. fxe5 Rd8 29. cxd6 exd6 30. exd6 Qxd6 31. Qxd6 Rxd6 32. Kg2 h5 33. h4 Kh7 34. Be2 Kh6 35. f4 f6 36. Kh3 Rd5 37. g4 hxg4+ 38. Kxg4 g5 39. hxg5+ fxg5 40. fxg5+ Rxg5+ 41. Kf4 Kg6 42. Bd3+ Kf6 43. Bc2 Re5 44. Be4 Rb5 45. Kf3 Ke5 46. Bh7 Rb3+ 47. Kf2 Kf4 48. Bg6 Re3 49. Bh5 Rb3 50. Be2 Rb2 51. Ke1 Ke3 52. Bd1 Rh2 53. Be2 Rxe2+ 54. Kf1 Ra2 55. Kg1 Kf3 0-1